An archeological chronology of Venezuela, (Record no. 51404)

MARC details
000 -LEADER
fixed length control field 01024cam a22003011 4500
001 - CONTROL NUMBER
control field pa 59000037
003 - CONTROL NUMBER IDENTIFIER
control field DLC
005 - DATE AND TIME OF LATEST TRANSACTION
control field 20260227111854.0
008 - FIXED-LENGTH DATA ELEMENTS--GENERAL INFORMATION
fixed length control field 740205m19581959dcu b 000 0 eng c
010 ## - LIBRARY OF CONGRESS CONTROL NUMBER
LC control number pa 59000037
035 ## - SYSTEM CONTROL NUMBER
System control number (OCoLC)790051
040 ## - CATALOGING SOURCE
Original cataloging agency Pan American Union. Library
Transcribing agency MMeT
Modifying agency OCoLC
-- DLC
042 ## - AUTHENTICATION CODE
Authentication code premarc
050 00 - LIBRARY OF CONGRESS CALL NUMBER
Classification number F2319
Item number .C7
082 ## - DEWEY DECIMAL CLASSIFICATION NUMBER
Classification number 913.87
100 1# - MAIN ENTRY--PERSONAL NAME
Personal name Cruxent, José María.
245 13 - TITLE STATEMENT
Title An archeological chronology of Venezuela,
Statement of responsibility, etc. by J.M. Cruxent and Irving Rouse.
260 ## - PUBLICATION, DISTRIBUTION, ETC.
Place of publication, distribution, etc. Washington,
Name of publisher, distributor, etc. Pan American Union,
Date of publication, distribution, etc. 1958-59.
300 ## - PHYSICAL DESCRIPTION
Extent 2 v.
Dimensions 24 cm.
490 1# - SERIES STATEMENT
Series statement Social science monographs,
Volume/sequential designation 6
500 ## - GENERAL NOTE
General note Issued also in Spanish.
504 ## - BIBLIOGRAPHY, ETC. NOTE
Bibliography, etc. note Bibliography: v. 1, p. 266-277.
650 #0 - SUBJECT ADDED ENTRY--TOPICAL TERM
Topical term or geographic name entry element Archaeology
Geographic subdivision Venezuela.
651 #0 - SUBJECT ADDED ENTRY--GEOGRAPHIC NAME
Geographic name Venezuela
General subdivision Antiquities.
650 #0 - SUBJECT ADDED ENTRY--TOPICAL TERM
Topical term or geographic name entry element Indians of South America
Geographic subdivision Venezuela
General subdivision Antiquities.
700 1# - ADDED ENTRY--PERSONAL NAME
Personal name Rouse, Irving,
Dates associated with a name 1913-2006
Relator term joint author.
810 2# - SERIES ADDED ENTRY--CORPORATE NAME
Corporate name or jurisdiction name as entry element Pan American Union.
Subordinate unit Social Science Section.
Title of a work Social science monographs ;
Volume/sequential designation 6.

No items available.

Powered by Koha